<?xml version="1.0" encoding="UTF-8"?>
<collection xmlns="http://www.loc.gov/MARC21/slim">
 <record>
  <leader>04224ntm a22005297i 4500</leader>
  <controlfield tag="001">000151602</controlfield>
  <controlfield tag="003">CZ-PrVSE</controlfield>
  <controlfield tag="005">20220619212945.0</controlfield>
  <controlfield tag="006">m        d</controlfield>
  <controlfield tag="007">cr n||||||||||</controlfield>
  <controlfield tag="008">220619s2022    xr     fsbm   000 0 cze d</controlfield>
  <datafield tag="STA" ind1=" " ind2=" ">
   <subfield code="a">NEZPRACOVANÝ IMPORT</subfield>
  </datafield>
  <datafield tag="040" ind1=" " ind2=" ">
   <subfield code="a">ABA006</subfield>
   <subfield code="b">cze</subfield>
   <subfield code="c">ABA006</subfield>
   <subfield code="d">ABA006</subfield>
   <subfield code="e">rda</subfield>
  </datafield>
  <datafield tag="100" ind1="1" ind2=" ">
   <subfield code="a">Turková, Zuzana</subfield>
   <subfield code="%">ISIS:141478</subfield>
   <subfield code="4">dis</subfield>
  </datafield>
  <datafield tag="242" ind1="1" ind2="0">
   <subfield code="a">Analysis of unemployment in the Ústecký Region between 2008-2021 in comparison with Prague</subfield>
   <subfield code="y">eng</subfield>
  </datafield>
  <datafield tag="245" ind1="1" ind2="0">
   <subfield code="a">Analýza nezaměstnanosti v Ústeckém kraji ve srovnání s Prahou mezi lety 2008–2021 /</subfield>
   <subfield code="c">Zuzana Turková</subfield>
  </datafield>
  <datafield tag="264" ind1=" " ind2="0">
   <subfield code="c">2022</subfield>
  </datafield>
  <datafield tag="300" ind1=" " ind2=" ">
   <subfield code="a">?? stran :</subfield>
   <subfield code="3">digital, PDF soubor</subfield>
  </datafield>
  <datafield tag="500" ind1=" " ind2=" ">
   <subfield code="a">Vedoucí práce: Milan Vodžák</subfield>
  </datafield>
  <datafield tag="502" ind1=" " ind2=" ">
   <subfield code="a">Bakalářská práce (Bc.)—Vysoká škola ekonomická v Praze. Národohospodářská fakulta, 2022</subfield>
  </datafield>
  <datafield tag="504" ind1=" " ind2=" ">
   <subfield code="a">Obsahuje bibliografii</subfield>
  </datafield>
  <datafield tag="516" ind1=" " ind2=" ">
   <subfield code="a">Textový (vysokoškolská kvalifikační práce)</subfield>
  </datafield>
  <datafield tag="518" ind1=" " ind2=" ">
   <subfield code="a">Rok obhajoby 2022</subfield>
  </datafield>
  <datafield tag="520" ind1="3" ind2=" ">
   <subfield code="a">Předmětem bakalářské práce je analýza nezaměstnanosti v Ústeckém kraji mezi lety 2008-2021 v porovnání s Prahou. Nezaměstnanost je jeden z hlavních makroekonomických ukazatelů a patří k velmi diskutovaným tématům v souvislosti s krizí způsobenou pandemií koronaviru z roku 2020. Přínosem práce je komplexní pohled na vzájemný vývoj nezaměstnanosti v obou krajích včetně dopadů pandemie koronaviru. Zkoumanou hypotézou je, že nezaměstnanost se v Ústeckém kraji postupně snižuje a konverguje směrem k Praze. Konvergence je v literatuře řešena zpravidla v oblasti HDP na osobu, kdežto tato práce se zabývá konvergencí v oblasti nezaměstnanosti. Teoretická část obsahuje vytyčení základních pojmů týkajících se trhu práce a nezaměstnanosti. Dále také jak se nezaměstnanost měří, jaké jsou její druhy, dopady a které skupiny obyvatel jsou nezaměstnaností více ohroženy. Součástí je představení teorie konvergence, základní charakteristika obou krajů a efekty pandemie koronaviru. Praktická část zkoumá u obou krajů konvergenční faktory a vývoj jednotlivých ukazatelů nezaměstnanosti, případně ekonomické výkonnosti či životní úrovně. To vše včetně komparace krajů, zmínění negativních efektů pandemie koronaviru na nezaměstnanost a poukázání na možné důvody vyšší nezaměstnanosti v Ústeckém kraji. Zkoumaná hypotéza konvergence nezaměstnanosti v Ústeckém kraji směrem k Praze je potvrzena, jelikož v Ústeckém kraji je poslední roky přítomný značně klesající trend míry nezaměstnanosti i podílu nezaměstnaných osob. V obou ukazatelích je tak Ústecký kraj blízko úrovni hodnot přítomných v Praze. Dílčím závěrem práce je určení možných důvodů vyšší nezaměstnanosti v Ústeckém kraji, mezi které lze zařadit například větší podíl osob ohrožených nezaměstnaností jako jsou nekvalifikovan</subfield>
  </datafield>
  <datafield tag="520" ind1="8" ind2=" ">
   <subfield code="a">Odhad budoucího vývoje předpokládá navázání na nízké hodnoty nezaměstnanosti před vypuknutím krize, tím pádem pokračující konvergenci výše nezaměstnanosti v Ústeckém kraji směrem k Praze.</subfield>
  </datafield>
  <datafield tag="538" ind1=" " ind2=" ">
   <subfield code="a">Způsob přístupu: Internet</subfield>
  </datafield>
  <datafield tag="653" ind1="0" ind2=" ">
   <subfield code="a">národní hospodářství [obor bakal. práce]</subfield>
  </datafield>
  <datafield tag="655" ind1=" " ind2="7">
   <subfield code="a">bakalářské práce</subfield>
   <subfield code="7">fd132403</subfield>
   <subfield code="2">czenas</subfield>
  </datafield>
  <datafield tag="655" ind1=" " ind2="9">
   <subfield code="a">bachelor's theses</subfield>
   <subfield code="2">eczenas</subfield>
  </datafield>
  <datafield tag="690" ind1=" " ind2=" ">
   <subfield code="a">nezaměstnanost</subfield>
  </datafield>
  <datafield tag="690" ind1=" " ind2=" ">
   <subfield code="a">konvergence</subfield>
  </datafield>
  <datafield tag="690" ind1=" " ind2=" ">
   <subfield code="a">trh práce</subfield>
  </datafield>
  <datafield tag="690" ind1=" " ind2=" ">
   <subfield code="a">regiony</subfield>
  </datafield>
  <datafield tag="690" ind1=" " ind2=" ">
   <subfield code="a">koronavirová krize</subfield>
  </datafield>
  <datafield tag="700" ind1="1" ind2=" ">
   <subfield code="a">Vodžák, Milan</subfield>
   <subfield code="%">ISIS:112866</subfield>
   <subfield code="4">ths</subfield>
  </datafield>
  <datafield tag="700" ind1="1" ind2=" ">
   <subfield code="a">Brabec, Petr</subfield>
   <subfield code="%">ISIS:44824</subfield>
   <subfield code="4">opn</subfield>
  </datafield>
  <datafield tag="710" ind1="2" ind2=" ">
   <subfield code="a">Vysoká škola ekonomická v Praze.</subfield>
   <subfield code="b">Národohospodářská fakulta</subfield>
   <subfield code="7">kn20010709401</subfield>
   <subfield code="4">dgg</subfield>
  </datafield>
  <datafield tag="856" ind1="4" ind2="0">
   <subfield code="u">https://insis.vse.cz/zp/80140/podrobnosti</subfield>
   <subfield code="y">VŠKP v InSIS</subfield>
  </datafield>
  <datafield tag="856" ind1="4" ind2="0">
   <subfield code="u">https://insis.vse.cz/zp/80140</subfield>
   <subfield code="y">Hlavní práce</subfield>
  </datafield>
  <datafield tag="856" ind1="4" ind2="0">
   <subfield code="u">https://insis.vse.cz/zp/80140/posudek/vedouci</subfield>
   <subfield code="y">Hodnocení vedoucího</subfield>
  </datafield>
  <datafield tag="856" ind1="4" ind2="0">
   <subfield code="u">https://insis.vse.cz/zp/80140/posudek/oponent/74968</subfield>
   <subfield code="y">Oponentura</subfield>
  </datafield>
  <datafield tag="999" ind1="4" ind2="0">
   <subfield code="u">https://insis.vse.cz/zp/80140/podrobnosti</subfield>
   <subfield code="y">dc:identifier</subfield>
  </datafield>
  <datafield tag="993" ind1=" " ind2=" ">
   <subfield code="x">NEPOSILAT</subfield>
   <subfield code="y">VSKP</subfield>
  </datafield>
  <datafield tag="999" ind1="4" ind2="9">
   <subfield code="a">vse80140</subfield>
   <subfield code="b">220615</subfield>
  </datafield>
  <datafield tag="999" ind1="4" ind2="5">
   <subfield code="x">80140</subfield>
  </datafield>
 </record>
</collection>
